[Event "Dulles Atlantic op 3rd"]
[Site "Dulles"]
[Date "2025.07.06"]
[Round "9"]
[White "Samuelson, Andrew"]
[Black "Vaibhav, Kalpaka"]
[Result "1-0"]
[WhiteElo "2100"]
[BlackElo "2265"]
[PlyCount "77"]
[EventDate "2025.07.02"]
[EventType "swiss"]
[EventRounds "9"]
[EventCountry "USA"]
[SourceTitle "CB28_2025"]
[SourceDate "2025.07.09"]
[SourceVersion "1"]
[SourceVersionDate "2025.07.09"]
[SourceQuality "1"]

1. e4 c5 2. Nf3 d6 3. d4 cxd4 4. Nxd4 Nf6 5. Nc3 a6 6. Bc4 e6 7. Bb3 Bd7 8. 0-0 Nc6 9. Be3 Na5 10. f4 Nxb3 11. axb3 Qc7 12. Qf3 Be7 13. Kh1 h5 14. Bg1 0-0 15. Rae1 e5 16. fxe5 dxe5 17. Nf5 Bxf5 18. Qxf5 g6 19. Qh3 b5 20. Re2 b4 21. Nd5 Nxd5 22. exd5 Rad8 23. Qd3 Qd6 24. Rd1 f5 25. c4 bxc3 26. bxc3 e4 27. Qe3 Qe5 28. c4 Kh7 29. Qd4 Qb8 30. Qb6 Qe5 31. Qd4 Qf4 32. c5 Qg4 33. Qc4 Bf6 34. h3 Qg5 35. d6 Be5 36. d7 Qg3 37. Qe6 g5 38. Re3 Qf4 39. g3 1-0

[Event "Dulles Atlantic op 3rd"]
[Site "Dulles"]
[Date "2025.07.05"]
[Round "7"]
[White "Muthukumaran, Gurru"]
[Black "Samuelson, Andrew"]
[Result "1-0"]
[WhiteElo "1933"]
[BlackElo "2100"]
[PlyCount "73"]
[EventDate "2025.07.02"]
[EventType "swiss"]
[EventRounds "9"]
[EventCountry "USA"]
[SourceTitle "CB28_2025"]
[SourceDate "2025.07.09"]
[SourceVersion "1"]
[SourceVersionDate "2025.07.09"]
[SourceQuality "1"]

1. e4 c5 2. Nf3 d6 3. d4 cxd4 4. Qxd4 a6 5. Be2 Nc6 6. Qe3 g6 7. c4 Bg7 8. Nc3 Nf6 9. 0-0 0-0 10. h3 Nd7 11. b3 Nc5 12. Bb2 f5 13. exf5 Bxf5 14. Nd1 e5 15. g4 Bd7 16. Qd2 Qe7 17. Ne3 Ne6 18. Nd5 Qd8 19. Rad1 Ncd4 20. Nxd4 Nxd4 21. Bxd4 exd4 22. f4 Qh4 23. Kg2 Rae8 24. Bf3 b5 25. Rfe1 bxc4 26. bxc4 g5 27. f5 Be5 28. Qf2 Qxf2+ 29. Kxf2 Rb8 30. Rb1 Ba4 31. Be4 h5 32. gxh5 Kg7 33. Rg1 Kh6 34. h4 gxh4 35. Rg6+ Kh7 36. Rb5 Rb7 37. Rxb7+ 1-0

[Event "Dulles Atlantic op 3rd"]
[Site "Dulles"]
[Date "2025.07.05"]
[Round "6"]
[White "Samuelson, Andrew"]
[Black "Su, Kevin"]
[Result "1/2-1/2"]
[WhiteElo "2100"]
[BlackElo "1991"]
[PlyCount "157"]
[EventDate "2025.07.02"]
[EventType "swiss"]
[EventRounds "9"]
[EventCountry "USA"]
[SourceTitle "CB28_2025"]
[SourceDate "2025.07.09"]
[SourceVersion "1"]
[SourceVersionDate "2025.07.09"]
[SourceQuality "1"]

1. e4 e5 2. Bc4 Nf6 3. d3 c6 4. Nf3 d5 5. Bb3 a5 6. a4 Bb4+ 7. c3 Bd6 8. exd5 cxd5 9. Bg5 Be6 10. Na3 Nc6 11. Nb5 Bb8 12. 0-0 h6 13. Bh4 0-0 14. Re1 d4 15. Bxe6 fxe6 16. cxd4 exd4 17. Rxe6 Qd5 18. Qe2 Nh5 19. Bg3 Nf4 20. Bxf4 Bxf4 21. Qe4 Rad8 22. Qxd5 Rxd5 23. Re4 Bb8 24. Rae1 Nb4 25. Rxd4 Rxd4 26. Nbxd4 Nxd3 27. Re7 Rc8 28. g3 Nxb2 29. Rxb7 Nxa4 30. Nf5 Rc1+ 31. Kg2 Bc7 32. N3d4 Be5 33. Ra7 Nc5 34. Rxa5 Rc4 35. Nc6 Bf6 36. Ra8+ Kh7 37. Ne3 Rc1 38. Nb4 Ne4 39. Nbd5 Bd4 40. Ra4 Bxe3 41. Rxe4 Bc5 42. Nf4 Rc2 43. Ne2 Kg6 44. f4 Ba3 45. Kf3 Bb2 46. h4 Bf6 47. Ra4 Rc5 48. Ra6 h5 49. g4 hxg4+ 50. Kxg4 Rc2 51. h5+ Kf7 52. Ng3 Rc1 53. Ne4 Ra1 54. Rc6 Rh1 55. Ng5+ Bxg5 56. Kxg5 Rg1+ 57. Kf5 Rh1 58. Rc7+ Kg8 59. Kg4 Rg1+ 60. Kf3 Kh7 61. Ke4 Re1+ 62. Kf5 Rh1 63. Ke5 Rxh5+ 64. f5 Rh6 65. Rc8 Ra6 66. Re8 Rb6 67. Re6 Rb5+ 68. Kf4 Kg8 69. Kg5 Kf7 70. Ra6 Rb7 71. Ra5 Rc7 72. Kf4 Rb7 73. Ke5 Rd7 74. Ra6 Rb7 75. Ra1 Rb5+ 76. Kf4 Rb6 77. Kg5 Rb7 78. Ra6 Rc7 79. Rd6 1/2-1/2

[Event "Sterling Cherry Blossom op 12th"]
[Site "Sterling"]
[Date "2025.05.26"]
[Round "9"]
[White "Samuelson, Andrew"]
[Black "Aravindakshan, Sahana"]
[Result "1-0"]
[WhiteElo "2088"]
[BlackElo "2093"]
[PlyCount "127"]
[EventDate "2025.05.22"]
[EventType "swiss"]
[EventRounds "9"]
[EventCountry "USA"]
[SourceTitle "CB22_2025"]
[SourceDate "2025.05.28"]
[SourceVersion "1"]
[SourceVersionDate "2025.05.28"]
[SourceQuality "1"]

1. e4 c5 2. Nf3 e6 3. d4 cxd4 4. Nxd4 Nc6 5. Nc3 d6 6. Be3 Nf6 7. f3 h5 8. Qd2 a6 9. 0-0-0 Bd7 10. h3 h4 11. f4 Qc7 12. Nf3 b5 13. Bd3 Qa5 14. Kb1 b4 15. Ne2 e5 16. fxe5 Nxe5 17. Ned4 Be7 18. Qf2 Qc7 19. Nxh4 Nxd3 20. cxd3 Nxe4 21. dxe4 Bxh4 22. Qf3 0-0 23. Rc1 Qb7 24. e5 Qxf3 25. Nxf3 Bf5+ 26. Ka1 Be7 27. exd6 Bxd6 28. Rhd1 Be7 29. Nd4 Bg6 30. Nc6 Bf6 31. Bd4 Bg5 32. Rc5 Bh4 33. Nxb4 Be4 34. a3 Rfd8 35. Rc4 a5 36. Na2 Bd5 37. Rcc1 Bb3 38. Rd3 Bxa2 39. Kxa2 Rd7 40. Rc4 Rad8 41. Kb3 Bf2 42. Kc3 Be1+ 43. Kc2 Bf2 44. Kc3 Be1+ 45. Kc2 Bf2 46. Bxf2 Rxd3 47. Be1 R3d5 48. Bc3 Re8 49. Rg4 g6 50. Kb3 Re6 51. Rc4 f5 52. Rc7 Kf8 53. Kc4 Red6 54. b4 Rd1 55. b5 Rc1 56. Kb3 Rb1+ 57. Ka4 Rd5 58. Rb7 Rc5 59. Bxa5 Rc2 60. Bb4+ Ke8 61. Rg7 Rc8 62. b6 Kd8 63. b7 Rb8 64. Ba5+ 1-0

[Event "Sterling Cherry Blossom op 12th"]
[Site "Sterling"]
[Date "2025.05.25"]
[Round "6"]
[White "Katz, Alexander R"]
[Black "Samuelson, Andrew"]
[Result "1-0"]
[WhiteElo "2373"]
[BlackElo "2088"]
[PlyCount "141"]
[EventDate "2025.05.22"]
[EventType "swiss"]
[EventRounds "9"]
[EventCountry "USA"]
[SourceTitle "CB22_2025"]
[SourceDate "2025.05.28"]
[SourceVersion "1"]
[SourceVersionDate "2025.05.28"]
[SourceQuality "1"]

1. e4 c5 2. Nf3 d6 3. Bb5+ Nd7 4. 0-0 Ngf6 5. Re1 a6 6. Bf1 e6 7. c3 Be7 8. d4 cxd4 9. cxd4 b5 10. a3 Bb7 11. Nc3 0-0 12. Bd3 Rc8 13. Qe2 e5 14. d5 Nb6 15. a4 b4 16. Nd1 a5 17. Ne3 g6 18. Nd2 Nh5 19. g3 Ng7 20. Ndc4 Nxc4 21. Nxc4 f5 22. Be3 fxe4 23. Bxe4 Ba6 24. Rac1 Bg5 25. Qd2 Bxe3 26. Nxe3 Nf5 27. Nxf5 gxf5 28. Bd3 Bb7 29. Rxc8 Bxc8 30. f4 e4 31. Bb5 Bd7 32. Qd4 Qc7 33. Bc6 Bc8 34. Rc1 Qg7 35. Qxg7+ Kxg7 36. Kf2 Kf6 37. Ke3 Ba6 38. Bd7 Bd3 39. Be6 h5 40. Rc7 h4 41. Rd7 hxg3 42. hxg3 Rh8 43. Rxd6 Rh2 44. Bc8+ Ke7 45. Rb6 Kd8 46. Bxf5 Kc7 47. Rc6+ Kb7 48. Bxe4 Bxe4 49. Kxe4 Rxb2 50. Rc5 Ka6 51. d6 Re2+ 52. Kd3 Re1 53. Rd5 Rd1+ 54. Ke4 Rxd5 55. Kxd5 Kb7 56. Ke6 b3 57. d7 b2 58. d8Q b1Q 59. Qd5+ Kb6 60. f5 Qe1+ 61. Qe5 Qb4 62. Qb5+ Qxb5 63. axb5 a4 64. f6 a3 65. f7 a2 66. f8Q a1Q 67. Qb8+ Kc5 68. Qe5+ Qxe5+ 69. Kxe5 Kxb5 70. g4 Kc6 71. Ke6 1-0

[Event "Sterling Cherry Blossom op 12th"]
[Site "Sterling"]
[Date "2025.05.24"]
[Round "5"]
[White "Samuelson, Andrew"]
[Black "Yu, Yang1"]
[Result "1-0"]
[WhiteElo "2088"]
[BlackElo "1883"]
[PlyCount "101"]
[EventDate "2025.05.22"]
[EventType "swiss"]
[EventRounds "9"]
[EventCountry "USA"]
[SourceTitle "CB22_2025"]
[SourceDate "2025.05.28"]
[SourceVersion "1"]
[SourceVersionDate "2025.05.28"]
[SourceQuality "1"]

1. e4 c5 2. Nf3 d6 3. d4 cxd4 4. Nxd4 Nf6 5. Nc3 a6 6. h4 e5 7. Nb3 Be6 8. f4 exf4 9. Bxf4 Nc6 10. Qd2 Nh5 11. Bg5 Be7 12. Bxe7 Qxe7 13. 0-0-0 Ng3 14. Rh2 Ne5 15. Qf4 Nh5 16. Qg5 Qxg5+ 17. hxg5 Ng3 18. Bd3 h5 19. gxh6 gxh6 20. Nd4 h5 21. Nf5 Bxf5 22. exf5 Nxd3+ 23. Rxd3 Nxf5 24. g4 Ng7 25. gxh5 Rh6 26. Rg3 Kf8 27. Rhg2 Ne8 28. Rg8+ Ke7 29. Nd5+ Ke6 30. Nb6 Rd8 31. Re2+ Kf5 32. Rexe8 Rxe8 33. Rxe8 Rxh5 34. Re7 Rh1+ 35. Kd2 Rb1 36. Nc4 b5 37. Nxd6+ Kf6 38. Ra7 Rxb2 39. Rxa6 Ke7 40. Nf5+ Kd7 41. Nd4 Ke7 42. Kc1 Rb4 43. Nc6+ Kd6 44. Nxb4+ Ke5 45. Rb6 f5 46. Rxb5+ Ke4 47. Nd3 f4 48. Kd2 f3 49. Re5+ Kd4 50. c3+ Kc4 51. Nb2# 1-0

[Event "Sterling Cherry Blossom op 12th"]
[Site "Sterling"]
[Date "2025.05.23"]
[Round "2"]
[White "Shankar, Pranav"]
[Black "Samuelson, Andrew"]
[Result "0-1"]
[WhiteElo "1943"]
[BlackElo "2088"]
[PlyCount "80"]
[EventDate "2025.05.22"]
[EventType "swiss"]
[EventRounds "9"]
[EventCountry "USA"]
[SourceTitle "CB22_2025"]
[SourceDate "2025.05.28"]
[SourceVersion "1"]
[SourceVersionDate "2025.05.28"]
[SourceQuality "1"]

1. d4 Nf6 2. c4 e6 3. Nc3 c5 4. d5 exd5 5. cxd5 d6 6. e4 g6 7. f4 Bg7 8. Bb5+ Nfd7 9. a4 Qh4+ 10. g3 Qe7 11. Nf3 0-0 12. 0-0 Na6 13. Re1 Nb4 14. Be3 b6 15. f5 Ne5 16. Nxe5 Bxe5 17. Bh6 Rd8 18. Rc1 a6 19. Bc4 Kh8 20. fxg6 hxg6 21. Qf3 Ra7 22. Re2 Kh7 23. Be3 Rh8 24. h4 Kg7 25. Rf2 Bd7 26. Kg2 Be8 27. Rh1 f6 28. g4 Rb7 29. g5 Rf8 30. Rhf1 b5 31. axb5 axb5 32. Be2 Nc2 33. Bf4 f5 34. Bxe5+ Qxe5 35. Qd3 Nd4 36. h5 f4 37. h6+ Kh7 38. Rh1 Qxg5+ 39. Kf1 b4 40. Rg2 Qe5 0-1

[Event "Sterling Cherry Blossom op 12th"]
[Site "Sterling"]
[Date "2025.05.22"]
[Round "1"]
[White "Samuelson, Andrew"]
[Black "Grigoryan, Karen H"]
[Result "0-1"]
[WhiteElo "2088"]
[BlackElo "2530"]
[PlyCount "90"]
[EventDate "2025.05.22"]
[EventType "swiss"]
[EventRounds "9"]
[EventCountry "USA"]
[SourceTitle "CB22_2025"]
[SourceDate "2025.05.28"]
[SourceVersion "1"]
[SourceVersionDate "2025.05.28"]
[SourceQuality "1"]

1. e4 c5 2. Nf3 d6 3. d4 cxd4 4. Nxd4 Nf6 5. Nc3 a6 6. Rg1 e5 7. Nb3 h5 8. h3 h4 9. Be3 Be6 10. Qf3 Nbd7 11. 0-0-0 Rc8 12. Nd5 Bxd5 13. exd5 g6 14. g4 hxg3 15. fxg3 Bg7 16. g4 Qc7 17. Qe2 Nb6 18. Bxb6 Qxb6 19. Bg2 0-0 20. Kb1 e4 21. Rge1 Rfe8 22. g5 Nh5 23. Qe3 Qxe3 24. Rxe3 Nf4 25. Bf1 Re5 26. c4 b5 27. Na5 bxc4 28. Bxc4 Rce8 29. h4 Ng2 30. Rg3 Nxh4 31. Nc6 Rf5 32. Rg4 Nf3 33. Bxa6 e3 34. Be2 Nd2+ 35. Ka1 Rxd5 36. Nb4 Ra5 37. Re1 Rb8 38. Bd1 Ra3 39. Bc2 Rc3 40. Bb1 Rc4 41. Rxc4 Nxc4 42. a3 Nxa3 43. Nd3 Ra8 44. Ba2 Nc2+ 45. Kb1 Nxe1 0-1

[Event "Steling Colonial op 6th"]
[Site "Sterlig"]
[Date "2025.04.20"]
[Round "6"]
[White "Samuelson, Andrew"]
[Black "Zhao, Erick"]
[Result "1-0"]
[WhiteElo "2068"]
[BlackElo "2413"]
[PlyCount "131"]
[EventDate "2025.04.17"]
[EventType "swiss"]
[EventRounds "7"]
[EventCountry "USA"]
[SourceTitle "CB17_2025"]
[SourceDate "2025.04.23"]
[SourceVersion "1"]
[SourceVersionDate "2025.04.23"]
[SourceQuality "1"]

1. e4 e5 2. Bc4 Nf6 3. d3 Bc5 4. Nc3 c6 5. Nf3 d6 6. a4 0-0 7. 0-0 h6 8. h3 Nbd7 9. Be3 a5 10. Bb3 Re8 11. Qd2 Bxe3 12. fxe3 Nc5 13. Ba2 d5 14. exd5 cxd5 15. Qf2 Na6 16. d4 exd4 17. exd4 Nb4 18. Bb3 Be6 19. Ne5 Qb6 20. Rad1 Ne4 21. Qe3 f6 22. Nxe4 dxe4 23. Nd7 Qd8 24. Nxf6+ gxf6 25. Qxh6 Nd5 26. Qg6+ Kf8 27. c4 Bf7 28. Qh6+ Ke7 29. cxd5 Ra6 30. Rde1 Qb6 31. Rxe4+ Kd8 32. Rxe8+ Bxe8 33. Qe3 Qb4 34. Re1 Bd7 35. Bd1 Qxb2 36. Qe7+ Kc8 37. Qf8+ Kc7 38. Qc5+ Kd8 39. Bf3 Qb4 40. Rc1 Qxc5 41. dxc5 Bxa4 42. Ra1 Bc2 43. d6 Ra7 44. Kf2 a4 45. Ke3 a3 46. Bd5 Kd7 47. Kd4 Bg6 48. Kc3 Ra4 49. Bb3 Re4 50. Rxa3 Kc6 51. Bd5+ Kxd5 52. d7 Re3+ 53. Kb4 Re4+ 54. Ka5 Re8 55. dxe8Q Bxe8 56. Kb6 Bc6 57. g3 Ke5 58. h4 Kf5 59. Re3 Kg4 60. Re6 f5 61. Rg6+ Kf3 62. h5 Be4 63. h6 f4 64. h7 Bxg6 65. h8Q fxg3 66. Qf6+ 1-0

[Event "Steling Colonial op 6th"]
[Site "Sterlig"]
[Date "2025.04.17"]
[Round "1"]
[White "Samuelson, Andrew"]
[Black "Sridhar, Jagadeeshwar Yehama"]
[Result "1-0"]
[WhiteElo "2068"]
[BlackElo "1913"]
[PlyCount "77"]
[EventDate "2025.04.17"]
[EventType "swiss"]
[EventRounds "7"]
[EventCountry "USA"]
[SourceTitle "CB17_2025"]
[SourceDate "2025.04.23"]
[SourceVersion "1"]
[SourceVersionDate "2025.04.23"]
[SourceQuality "1"]

1. e4 c5 2. Nf3 e6 3. d4 cxd4 4. Nxd4 Nc6 5. Nc3 Qc7 6. Be3 a6 7. Qf3 Nf6 8. 0-0-0 b5 9. Nxc6 dxc6 10. Bd3 Bd6 11. g4 Nd7 12. Qg2 Bb7 13. h4 Bc5 14. Bg5 Qa5 15. Kb1 b4 16. Ne2 Qb6 17. h5 f6 18. Bh4 0-0-0 19. Bc4 Rde8 20. Nf4 Ne5 21. Bxe6+ Kb8 22. Bb3 Bc8 23. f3 a5 24. Bg3 Ka8 25. Nd3 Nxd3 26. Rxd3 Qb5 27. c4 bxc3 28. Rxc3 Bb4 29. Rxc6 Bb7 30. Rc7 Rc8 31. Rhc1 Rxc7 32. Bxc7 a4 33. Bc4 Qd7 34. Bf4 a3 35. Qc2 Rc8 36. Qb3 Bf8 37. Rd1 Qe8 38. Bd5 Bxd5 39. Rxd5 1-0

[Event "New York President's Day op"]
[Site "New York"]
[Date "2025.02.15"]
[Round "4"]
[White "Vinod, Aarush"]
[Black "Samuelson, Andrew"]
[Result "1-0"]
[WhiteElo "2248"]
[BlackElo "2032"]
[PlyCount "59"]
[EventDate "2025.02.14"]
[EventType "swiss"]
[EventRounds "9"]
[EventCountry "USA"]
[SourceTitle "CB08_2025"]
[SourceDate "2025.02.19"]
[SourceVersion "1"]
[SourceVersionDate "2025.02.19"]
[SourceQuality "1"]

1. e4 c5 2. Nf3 d6 3. d4 Nf6 4. Nc3 cxd4 5. Nxd4 a6 6. Bc4 e6 7. Be3 b5 8. Bb3 Be7 9. Qf3 Qc7 10. g4 0-0 11. g5 Nfd7 12. g6 Ne5 13. gxh7+ Kh8 14. Qg2 Bd7 15. Rg1 g6 16. f4 Nc4 17. Bxc4 Qxc4 18. 0-0-0 Be8 19. f5 Nd7 20. e5 dxe5 21. Qxa8 exd4 22. Rxd4 Qc5 23. fxg6 fxg6 24. Qxa6 b4 25. Qxe6 bxc3 26. Rf4 Qxe3+ 27. Qxe3 Rxf4 28. Qxe7 cxb2+ 29. Kxb2 Rf8 30. Rd1 1-0

[Event "Dulles Cherry Blossom op 11th"]
[Site "Dulles"]
[Date "2024.05.27"]
[Round "9"]
[White "Patel, Maahir M"]
[Black "Samuelson, Andrew"]
[Result "1/2-1/2"]
[WhiteElo "1965"]
[BlackElo "2037"]
[PlyCount "178"]
[EventDate "2024.05.22"]
[EventType "swiss"]
[EventRounds "9"]
[EventCountry "USA"]
[SourceTitle "CBM 220 Extra"]
[Source "ChessBase"]
[SourceDate "2024.07.31"]
[SourceVersion "1"]
[SourceVersionDate "2024.07.31"]
[SourceQuality "1"]

1. d4 Nf6 2. c4 e6 3. Nc3 c5 4. d5 exd5 5. cxd5 d6 6. e4 g6 7. f4 Bh6 8. Bb5+ Nbd7 9. e5 a6 10. Bxd7+ Nxd7 11. Nf3 0-0 12. 0-0 Bg7 13. Re1 Re8 14. exd6 Nf6 15. Ne5 Qxd6 16. Be3 b5 17. Qd2 Bb7 18. Rad1 Rac8 19. Qf2 c4 20. Re2 b4 21. Na4 Nxd5 22. Nb6 Qe6 23. Nxc8 Rxc8 24. Bd4 Qf5 25. Rf1 c3 26. g4 Qxf4 27. Qxf4 Nxf4 28. Rxf4 c2 29. Nd3 g5 30. Bxg7 gxf4 31. Bh6 c1Q+ 32. Nxc1 Rxc1+ 33. Kf2 f5 34. Bxf4 Rc4 35. Kg3 fxg4 36. Kxg4 Kf7 37. Kg3 Bd5 38. Bd6 Rd4 39. Bc5 Rd3+ 40. Kf4 a5 41. b3 Kf6 42. Be7+ Kg6 43. Ke5 Bf3 44. Rf2 Kh5 45. Kf4 Bc6 46. Rc2 Rf3+ 47. Ke5 Bd7 48. Bd8 a4 49. bxa4 Bxa4 50. Rb2 b3 51. axb3 Bxb3 52. Ke4 Rf8 53. Bc7 Ba4 54. Ke3 Bc6 55. Rf2 Re8+ 56. Kd3 Kg4 57. Bg3 Be4+ 58. Kc4 Bf3 59. Rd2 h5 60. Rd4+ Be4 61. Kc5 h4 62. Bd6 Rc8+ 63. Kb6 Kf3 64. Be7 h3 65. Bd6 Rc2 66. Bg3 Rc8 67. Rd2 Rg8 68. Rf2+ Ke3 69. Rf4 Bf3 70. Rh4 Bg2 71. Kc5 Rf8 72. Kd6 Bf1 73. Ke5 Bg2 74. Ke6 Rf3 75. Ke5 Rf1 76. Ke6 Ra1 77. Ke5 Ra5+ 78. Ke6 Ke2 79. Kd6 Rg5 80. Ke6 Rg8 81. Kf6 Kf1 82. Ke5 Kg1 83. Kf6 Bf1 84. Ke5 Kg2 85. Kf6 Be2 86. Ke5 Bf3 87. Kf6 Rxg3 88. hxg3 Kxg3 89. Rxh3+ Kxh3 1/2-1/2

[Event "Dulles Cherry Blossom op 11th"]
[Site "Dulles"]
[Date "2024.05.25"]
[Round "5"]
[White "Samuelson, Andrew"]
[Black "Sriniaiyer, Sudarshan"]
[Result "1/2-1/2"]
[WhiteElo "2037"]
[BlackElo "2118"]
[PlyCount "117"]
[EventDate "2024.05.22"]
[EventType "swiss"]
[EventRounds "9"]
[EventCountry "USA"]
[SourceTitle "CBM 220 Extra"]
[Source "ChessBase"]
[SourceDate "2024.07.31"]
[SourceVersion "1"]
[SourceVersionDate "2024.07.31"]
[SourceQuality "1"]

1. e4 e5 2. Bc4 Nf6 3. d3 Nc6 4. Nf3 Bc5 5. 0-0 d6 6. c3 h6 7. a4 a6 8. Na3 0-0 9. Nc2 Ba7 10. Be3 Ne7 11. Bxa7 Rxa7 12. Ne3 c6 13. Bb3 Ng6 14. a5 Ra8 15. Qc2 Re8 16. Rfe1 d5 17. Nf5 Qc7 18. Ng3 Bg4 19. Re3 Rad8 20. Ra4 Be6 21. h3 Nd7 22. d4 dxe4 23. Bxe6 Rxe6 24. Rxe4 Rde8 25. Ra1 Nf6 26. Re3 c5 27. dxc5 Qxc5 28. Ne4 Nxe4 29. Qxe4 Qb5 30. b4 Rd8 31. Rb1 Qd5 32. Qxd5 Rxd5 33. c4 Rd7 34. Rbe1 f6 35. g3 Ne7 36. b5 Nf5 37. Rb3 axb5 38. cxb5 Rd5 39. g4 Nd6 40. Reb1 Nc4 41. Ra1 e4 42. Nh4 Ree5 43. a6 bxa6 44. bxa6 Ra5 45. Rc1 Nd2 46. Rb8+ Kh7 47. Nf5 Nf3+ 48. Kg2 Rxa6 49. Rc7 Rxf5 50. gxf5 Nh4+ 51. Kg3 Nxf5+ 52. Kf4 Kg6 53. Kxe4 Ra4+ 54. Kf3 Ra3+ 55. Kg2 Nh4+ 56. Kh2 Nf3+ 57. Kg2 Nh4+ 58. Kh2 Nf3+ 59. Kg2 1/2-1/2

[Event "Dulles Cherry Blossom op 11th"]
[Site "Dulles"]
[Date "2024.05.22"]
[Round "1"]
[White "Samuelson, Andrew"]
[Black "Srinivasan, Sivavishnu"]
[Result "0-1"]
[WhiteElo "2037"]
[BlackElo "1879"]
[PlyCount "112"]
[EventDate "2024.05.22"]
[EventType "swiss"]
[EventRounds "9"]
[EventCountry "USA"]
[SourceTitle "CBM 220 Extra"]
[Source "ChessBase"]
[SourceDate "2024.07.31"]
[SourceVersion "1"]
[SourceVersionDate "2024.07.31"]
[SourceQuality "1"]

1. e4 c6 2. d4 d5 3. f3 e6 4. Nc3 Bb4 5. Bd2 Ne7 6. a3 Ba5 7. Bd3 Nd7 8. f4 Bc7 9. e5 c5 10. Nf3 Nc6 11. Nb5 cxd4 12. b4 a6 13. Nxc7+ Qxc7 14. 0-0 h6 15. Qe1 g6 16. Qg3 Nf8 17. a4 Qb6 18. b5 axb5 19. axb5 Rxa1 20. Rxa1 Ne7 21. Qh4 Nf5 22. Qf6 Rg8 23. Ba5 Qxa5 24. Rxa5 Nd7 25. Ra8 Nxf6 26. exf6 Nd6 27. Nxd4 b6 28. Rb8 Kd7 29. Nc6 Kc7 30. Ra8 Re8 31. h4 h5 32. Ne5 Rd8 33. Kf2 Bb7 34. Rxd8 Kxd8 35. g4 hxg4 36. Kg3 Ke8 37. Kxg4 d4 38. Nf3 Nf5 39. Bxf5 exf5+ 40. Kg3 Bxf3 41. Kxf3 Kd7 42. Ke2 Kd6 43. Kd3 Kc5 44. c4 dxc3 45. Kxc3 Kxb5 46. Kd4 Kc6 47. Ke5 b5 48. Kd4 Kd6 49. Kc3 Kc5 50. Kb3 b4 51. Kb2 Kd4 52. Kb3 Ke4 53. Kxb4 Kxf4 54. Kc5 Ke5 55. Kc6 f4 56. Kd7 Kxf6 0-1

[Event "Dulles Cherry Blossom op 10th"]
[Site "Dulles"]
[Date "2023.05.29"]
[Round "8"]
[White "Samuelson, Andrew"]
[Black "Shoykhet, Benjamin Effron"]
[Result "1-0"]
[WhiteElo "2019"]
[BlackElo "1919"]
[PlyCount "201"]
[EventDate "2023.05.24"]
[EventType "swiss"]
[EventRounds "9"]
[EventCountry "USA"]
[SourceTitle "CBM 214 Extra"]
[Source "ChessBase"]
[SourceDate "2023.07.31"]
[SourceVersion "1"]
[SourceVersionDate "2023.07.31"]
[SourceQuality "1"]

1. e4 c5 2. Nf3 Nc6 3. d4 cxd4 4. Nxd4 g6 5. c4 Nf6 6. Nc3 d6 7. Nc2 Bg7 8. Be2 0-0 9. 0-0 a5 10. Be3 a4 11. Rc1 Qa5 12. Na3 Be6 13. Nab5 Rfc8 14. f4 Qb4 15. a3 Qb3 16. Qxb3 axb3 17. f5 gxf5 18. exf5 Bd7 19. g4 Ne5 20. g5 Nfg4 21. Bd4 Rxc4 22. Bxc4 Nxc4 23. Bxg7 Kxg7 24. Rf4 Nge5 25. f6+ exf6 26. Rxf6 Nxb2 27. Rb1 Nbc4 28. Rxb3 Nd2 29. Rb4 Ndf3+ 30. Kg2 Nxg5 31. Rxd6 Bc6+ 32. Kg3 Ne6 33. a4 Rg8 34. Ne4 Kf8+ 35. Kf2 Ke7 36. Nbc3 f5 37. Rxc6 Nd3+ 38. Kf1 Nxb4 39. Rb6 fxe4 40. Rxb7+ Kd6 41. Rxb4 e3 42. Re4 Rf8+ 43. Kg2 Nf4+ 44. Kg3 Nh5+ 45. Kh3 Nf4+ 46. Kg4 Ng2 47. Kg3 Rg8+ 48. Kf3 Ne1+ 49. Kxe3 Rg2 50. Rh4 Rg7 51. Ke2 Ng2 52. Re4 Rf7 53. a5 Nf4+ 54. Kd2 Ne6 55. a6 Nc5 56. Rh4 Nxa6 57. Rh6+ Ke5 58. Rxa6 Rf2+ 59. Ke3 Rxh2 60. Ra5+ Ke6 61. Ne4 Rh4 62. Kd4 Rh1 63. Re5+ Kf7 64. Rf5+ Ke6 65. Rf6+ Ke7 66. Ra6 Rh5 67. Nd6 Ke6 68. Ne4+ Ke7 69. Nf6 Rh1 70. Ke5 Re1+ 71. Ne4 Kf7 72. Rf6+ Kg7 73. Rf4 Kg6 74. Rg4+ Kf7 75. Rg2 Kf8 76. Kf5 Rf1+ 77. Ke6 Re1 78. Rg4 Re3 79. Kf5 Rf3+ 80. Ke5 Re3 81. Rg1 Kf7 82. Kf4 Ra3 83. Ng5+ Kg6 84. Nf3+ Kf6 85. Nd2 Ra5 86. Ne4+ Kf7 87. Rh1 Kg6 88. Rb1 Kf7 89. Ng5+ Kg7 90. Rb7+ Kg6 91. Rb6+ Kg7 92. Nf3 Ra1 93. Kf5 Rf1 94. Rb7+ Kh6 95. Kg4 Kg6 96. Ne5+ Kh6 97. Re7 Rf6 98. Nf3 Kg6 99. Nh4+ Kh6 100. Nf5+ Kg6 101. Rg7# 1-0

[Event "Dulles Cherry Blossom op 10th"]
[Site "Dulles"]
[Date "2023.05.26"]
[Round "3"]
[White "Sriniaiyer, Sudarshan"]
[Black "Samuelson, Andrew"]
[Result "1-0"]
[WhiteElo "2211"]
[BlackElo "2019"]
[PlyCount "101"]
[EventDate "2023.05.24"]
[EventType "swiss"]
[EventRounds "9"]
[EventCountry "USA"]
[SourceTitle "CBM 214 Extra"]
[Source "ChessBase"]
[SourceDate "2023.07.31"]
[SourceVersion "1"]
[SourceVersionDate "2023.07.31"]
[SourceQuality "1"]

1. d4 Nf6 2. c4 c5 3. d5 e6 4. Nc3 exd5 5. cxd5 d6 6. e4 g6 7. h3 Bg7 8. Nf3 0-0 9. Be3 Re8 10. Bd3 Nxe4 11. Nxe4 c4 12. Bc2 f5 13. Ned2 f4 14. Nxc4 fxe3 15. Nxe3 Bxb2 16. Rb1 Bc3+ 17. Kf1 Qf6 18. h4 Nd7 19. h5 Nf8 20. Qd3 b5 21. Qxb5 Bd7 22. Qd3 Rab8 23. Rh4 Rxb1+ 24. Bxb1 Rb8 25. Kg1 Bb4 26. Bc2 Bc5 27. Bb3 gxh5 28. Rxh5 Be8 29. Rg5+ Bg6 30. Qd2 Rb4 31. Rg4 a5 32. Rxb4 axb4 33. Ng4 Qa1+ 34. Kh2 h5 35. Nge5 dxe5 36. d6+ Kg7 37. d7 Nxd7 38. Qxd7+ Kh6 39. Qd2+ Kg7 40. Qd7+ Kh6 41. Qd2+ Kg7 42. Qd5 Qc3 43. Nxe5 Bxf2 44. Qg8+ Kf6 45. Qe6+ Kg5 46. Qxg6+ Kf4 47. Nd3+ Ke3 48. Nxf2 Kxf2 49. Qc2+ Ke3 50. Qxc3+ bxc3 51. Kg3 1-0

[Event "Dulles Cherry Blossom op"]
[Site "Dulles"]
[Date "2022.05.30"]
[Round "8"]
[White "Jian, Alex"]
[Black "Samuelson, Andrew"]
[Result "1-0"]
[WhiteElo "2055"]
[BlackElo "2164"]
[PlyCount "191"]
[EventDate "2022.05.26"]
[EventType "swiss"]
[EventRounds "9"]
[EventCountry "USA"]
[SourceTitle "CBM 208 Extra"]
[Source "ChessBase"]
[SourceDate "2022.07.31"]
[SourceVersion "1"]
[SourceVersionDate "2022.07.31"]
[SourceQuality "1"]

1. d4 Nf6 2. c4 e6 3. Nc3 c5 4. d5 exd5 5. cxd5 d6 6. Nf3 g6 7. Bf4 a6 8. a4 Bg7 9. e3 0-0 10. h3 Ne8 11. Be2 Nd7 12. 0-0 Rb8 13. e4 Qe7 14. Bg5 f6 15. Be3 Ne5 16. Nxe5 fxe5 17. Bd3 Nf6 18. Re1 Nh5 19. Bf1 Nf4 20. Kh2 Bd7 21. g3 Nh5 22. Be2 Nf6 23. a5 b5 24. axb6 Rxb6 25. Qc2 Rfb8 26. Reb1 Bc8 27. b3 Ne8 28. Ra3 Qf8 29. Qd2 Nc7 30. Bc4 Nb5 31. Nxb5 axb5 32. Be2 R6b7 33. Rba1 h5 34. Ra8 Bd7 35. R8a6 Qe7 36. Kg2 Kh7 37. Bg5 Bf6 38. Be3 Qf8 39. Kh2 Bd8 40. Ra7 Bb6 41. R7a6 Bc8 42. Ra8 Bd7 43. R8a6 Qc8 44. h4 Qc7 45. Qa2 c4 46. Bxb6 Rxb6 47. bxc4 b4 48. Ra7 R6b7 49. Rxb7 Rxb7 50. Qb3 Qc5 51. Kg2 Qd4 52. Ra6 Qc5 53. Bd3 Rb8 54. Ra2 Rf8 55. Bb1 Bg4 56. Rb2 Bf3+ 57. Kg1 Qd4 58. Bd3 Rb8 59. Ra2 Bxe4 60. Bxe4 Qxe4 61. Kh2 Qd4 62. Kg2 Kg7 63. Ra4 Rf8 64. Ra2 Qc5 65. Rb2 Rf5 66. Kg1 e4 67. Qxb4 Qd4 68. Re2 Rf3 69. Kg2 Rf6 70. Re3 Rf5 71. Qc3 Qxc3 72. Rxc3 Rf7 73. Re3 Re7 74. f3 exf3+ 75. Kxf3 Rc7 76. Rc3 Kf6 77. Kf4 Rc8 78. Ke4 Re8+ 79. Kf4 Rc8 80. Ke4 Re8+ 81. Kd4 Kf5 82. Re3 Rd8 83. Re4 g5 84. hxg5 Kxg5 85. c5 dxc5+ 86. Kxc5 Rc8+ 87. Kd4 Rc1 88. Ke5 Rd1 89. d6 Rd3 90. Rd4 Re3+ 91. Kd5 Re8 92. d7 Rg8 93. Kc6 Kf6 94. d8Q+ Rxd8 95. Rxd8 Kf5 96. Rd4 1-0